[Event "Commonwealth-ch"]
[Site "New Delhi"]
[Date "2007.12.07"]
[Round "7"]
[White "Adith, Jagadish"]
[Black "Singh, DP."]
[Result "0-1"]
[WhiteElo "2023"]
[BlackElo "2371"]
[PlyCount "106"]
[EventDate "2007.12.03"]
[EventType "swiss"]
[EventRounds "10"]
[EventCountry "IND"]
[SourceTitle "CBM 121 Extra"]
[Source "ChessBase"]
[SourceDate "2008.01.10"]
[SourceVersion "1"]
[SourceVersionDate "2008.01.10"]
[SourceQuality "1"]

1. e4 b6 2. d4 Bb7 3. Bd3 e6 4. Nf3 g6 5. Bg5 Qc8 6. c4 Bg7 7. Nc3 d6 8. 0-0 h6 9. Be3 Nd7 10. d5 e5 11. Ne1 Ngf6 12. f4 exf4 13. Bxf4 Qd8 14. Nf3 0-0 15. Qd2 Kh7 16. Rae1 Nh5 17. Be3 Qe7 18. g4 Nhf6 19. Qg2 Rae8 20. Qh3 Bc8 21. Nb5 Nc5 22. Bxc5 bxc5 23. e5 Nxg4 24. exd6 Qf6 25. Rxe8 Rxe8 26. Qg3 Re3 27. Nxa7 Bd7 28. dxc7 Ne5 29. Be2 Qf4 30. Qg2 Qe4 31. Nxe5 Qxe5 32. c8Q Bxc8 33. Nxc8 Rxe2 34. Qg3 Qd4+ 35. Rf2 Rxf2 36. Qxf2 Qg4+ 37. Kh1 Qxc8 38. Qxf7 Qg4 39. b3 Qe4+ 40. Kg1 Qb1+ 41. Qf1 Bd4+ 42. Kg2 Qxa2+ 43. Kh1 Qxb3 44. Qf7+ Bg7 45. Qf1 Qe3 46. d6 Qd4 47. Qf7 Qxd6 48. Kg2 h5 49. Qf1 Qc6+ 50. Kh3 Qe6+ 51. Kg2 Qc6+ 52. Kg3 Be5+ 53. Kf2 Qf6+ 0-1

[Event "Commonwealth-ch"]
[Site "New Delhi"]
[Date "2007.12.06"]
[Round "6"]
[White "Sagar, Shah"]
[Black "Adith, Jagadish"]
[Result "1/2-1/2"]
[WhiteElo "2216"]
[BlackElo "2023"]
[PlyCount "179"]
[EventDate "2007.12.03"]
[EventType "swiss"]
[EventRounds "10"]
[EventCountry "IND"]
[SourceTitle "CBM 121 Extra"]
[Source "ChessBase"]
[SourceDate "2008.01.10"]
[SourceVersion "1"]
[SourceVersionDate "2008.01.10"]
[SourceQuality "1"]

1. d4 d5 2. c4 e6 3. Nc3 Nf6 4. cxd5 exd5 5. Bg5 Nbd7 6. e3 c6 7. Bd3 Be7 8. Qc2 0-0 9. Nf3 Re8 10. h3 Nf8 11. Bf4 Ng6 12. Bh2 Bd6 13. Bxd6 Qxd6 14. 0-0-0 Bd7 15. g4 Rac8 16. Kb1 b6 17. g5 Nh5 18. Bf5 Bxf5 19. Qxf5 Ne7 20. Qg4 g6 21. Ne5 f5 22. Qe2 b5 23. Qd3 Ng7 24. h4 a6 25. Nf3 Rc7 26. Ne2 Nh5 27. Qd2 Qe6 28. Ne5 c5 29. Nf4 Nxf4 30. exf4 c4 31. h5 Rec8 32. hxg6 Nxg6 33. Rh3 Qd6 34. Rdh1 b4 35. Nxg6 c3 36. Qd3 Qxg6 37. Rh6 Qf7 38. g6 Qg7 39. Rxh7 Qf6 40. Rh8+ Qxh8 41. Rxh8+ Kxh8 42. bxc3 bxc3 43. Kc2 Rf8 44. Qxa6 Kg7 45. Qd6 Rcc8 46. a4 Rfe8 47. a5 Rcd8 48. Qc7+ Kxg6 49. Qb6+ Kf7 50. Kxc3 Rd7 51. Qh6 Rc8+ 52. Kd3 Rdc7 53. Ke2 Rc2+ 54. Kf3 R2c3+ 55. Kg2 Rg8+ 56. Kh2 Rg7 57. a6 Rc7 58. Qd6 Kg8 59. Qxd5+ Kh8 60. Qe5 Rce7 61. Qxf5 Ref7 62. Qe5 Re7 63. Qd5 Rg8 64. Qe5+ Rxe5 65. fxe5 Kg7 66. Kg3 Kf7+ 67. Kf4 Ke6 68. Ke4 Ra8 69. d5+ Ke7 70. f4 Rxa6 71. d6+ Kd7 72. Kf5 Ra4 73. Kg5 Re4 74. Kf5 Re1 75. Kf6 Rf1 76. f5 Re1 77. e6+ Kxd6 78. Kf7 Re2 79. f6 Rxe6 80. Kg7 Re1 81. f7 Rg1+ 82. Kf8 Ke6 83. Ke8 Ra1 84. f8N+ Kd6 85. Kf7 Rf1+ 86. Kg7 Ke7 87. Ng6+ Ke6 88. Nf8+ Ke5 89. Ng6+ Kd6 90. Nf8 1/2-1/2

[Event "Commonwealth-ch"]
[Site "New Delhi"]
[Date "2007.12.03"]
[Round "2"]
[White "Adith, Jagadish"]
[Black "Harris, Rebecca"]
[Result "1-0"]
[WhiteElo "2023"]
[BlackElo "1819"]
[PlyCount "78"]
[EventDate "2007.12.03"]
[EventType "swiss"]
[EventRounds "10"]
[EventCountry "IND"]
[SourceTitle "CBM 121 Extra"]
[Source "ChessBase"]
[SourceDate "2008.01.10"]
[SourceVersion "1"]
[SourceVersionDate "2008.01.10"]
[SourceQuality "1"]

1. e4 c5 2. Nf3 e6 3. d4 cxd4 4. Nxd4 Nf6 5. Nc3 Nc6 6. Nxc6 bxc6 7. e5 Nd5 8. Nxd5 cxd5 9. Bd3 Ba6 10. 0-0 Bxd3 11. Qxd3 Be7 12. f4 f5 13. exf6 Bxf6 14. Rb1 Rb8 15. b3 0-0 16. Be3 a5 17. Rbd1 Rf7 18. c4 dxc4 19. Qxc4 d5 20. Qa6 Re7 21. Bc5 Re8 22. Rfe1 Ra8 23. Qf1 Rc8 24. Qf2 Rc6 25. Rc1 Qc7 26. Ba3 Rc8 27. Rxc6 Qxc6 28. Qe3 Re8 29. Rc1 Qa6 30. h3 e5 31. fxe5 Rxe5 32. Qc5 Qa8 33. Bb2 d4 34. Qc8+ Re8 35. Qc4+ Kh8 36. Bxd4 Bg5 37. Qf7 Bh6 38. Rc7 Rg8 39. Qe6 Qa6 1-0

[Event "Commonwealth-ch"]
[Site "New Delhi"]
[Date "2007.12.03"]
[Round "1"]
[White "Sriram, Jha"]
[Black "Adith, Jagadish"]
[Result "1-0"]
[WhiteElo "2458"]
[BlackElo "2023"]
[PlyCount "163"]
[EventDate "2007.12.03"]
[EventType "swiss"]
[EventRounds "10"]
[EventCountry "IND"]
[SourceTitle "CBM 121 Extra"]
[Source "ChessBase"]
[SourceDate "2008.01.10"]
[SourceVersion "1"]
[SourceVersionDate "2008.01.10"]
[SourceQuality "1"]

1. d4 d5 2. Nf3 Nf6 3. c4 e6 4. g3 c6 5. Bg2 Nbd7 6. 0-0 Bd6 7. Qc2 0-0 8. Rd1 h6 9. Nc3 Re8 10. e4 dxe4 11. Nxe4 Nxe4 12. Qxe4 Nf6 13. Qc2 Qe7 14. a3 a5 15. b3 c5 16. Bb2 a4 17. b4 cxb4 18. axb4 Bxb4 19. Rxa4 Bd7 20. Raa1 Bc6 21. Qb3 Bd6 22. d5 exd5 23. cxd5 Rxa1 24. Bxa1 Bd7 25. Qxb7 Ba4 26. Qxe7 Rxe7 27. Rd2 Bb3 28. Bxf6 gxf6 29. h4 Be5 30. Nd4 Bxd4 31. Rxd4 Rd7 32. d6 Be6 33. Bc6 Rd8 34. Kg2 Kg7 35. Kf3 f5 36. Kf4 Kf6 37. Ba4 Ba2 38. d7 Be6 39. Bc6 Bb3 40. Rd3 Bc4 41. Re3 Be6 42. Ra3 Rb8 43. Rd3 Rd8 44. Rd1 Bc4 45. Ra1 Be6 46. Ra6 Bc4 47. Ra7 Be6 48. Ba4 Rb8 49. Rb7 Rd8 50. Bc6 Bc4 51. Ra7 Be6 52. Rc7 Ke7 53. Ba4 Kf6 54. Rb7 Ra8 55. Bb3 Rd8 56. Ba4 Bd5 57. Ra7 Be6 58. Bc6 Bc4 59. Ke3 Be6 60. Kd4 Ke7 61. Ke5 f6+ 62. Kf4 Kd6 63. Ba4 Ke7 64. Bc2 Rxd7 65. Rxd7+ Bxd7 66. Bxf5 Be8 67. Bc8 Kf7 68. Kf5 Kg7 69. Ke6 Bh5 70. Bb7 Bd1 71. Be4 Bb3+ 72. Ke7 Bc4 73. g4 Be2 74. f3 Bd1 75. Ke6 Bb3+ 76. Kd6 Bd1 77. Kc5 Bb3 78. f4 Bd1 79. Bf5 Bb3 80. Kd6 Bc4 81. Bd7 f5 82. Be6 1-0

[Event "World School-ch U13 3rd"]
[Site "Chalkidiki"]
[Date "2007.05.02"]
[Round "6.4"]
[White "Yap, Yong Li Jordan"]
[Black "Adith, Jagadish"]
[Result "1-0"]
[WhiteElo "1845"]
[BlackElo "2081"]
[PlyCount "85"]
[EventDate "2007.04.28"]
[EventType "team-tourn"]
[EventRounds "9"]
[EventCountry "GRE"]
[SourceTitle "CBM 118 Extra"]
[Source "ChessBase"]
[SourceDate "2007.07.04"]
[SourceVersion "1"]
[SourceVersionDate "2007.07.04"]
[SourceQuality "1"]

1. e4 c5 2. g3 Nc6 3. Bg2 e6 4. d3 Nf6 5. f4 d6 6. Nf3 Be7 7. 0-0 a6 8. c3 Qc7 9. Na3 b5 10. Nc2 Bb7 11. Qe2 Na5 12. Nfe1 Rc8 13. Bd2 e5 14. Ne3 g6 15. Bh3 Rd8 16. Qf2 0-0 17. Ng4 Bc8 18. f5 Nxg4 19. Bxg4 f6 20. h4 Rf7 21. Nc2 d5 22. Ne3 dxe4 23. dxe4 Bb7 24. fxg6 hxg6 25. Be6 Bxe4 26. Bxf7+ Kxf7 27. Ng4 Qd6 28. Bg5 f5 29. Qe3 Bxg5 30. hxg5 Ke7 31. Nf2 Bc6 32. Rad1 Bd5 33. b3 Rh8 34. Qd2 Rd8 35. c4 e4 36. Kh2 bxc4 37. Qxa5 f4 38. Nxe4 Rh8+ 39. Kg1 fxg3 40. Rf7+ Ke6 41. Rf6+ Ke5 42. Rxd6 Bxe4 43. Qc3+ 1-0

[Event "World School-ch U13 3rd"]
[Site "Chalkidiki"]
[Date "2007.05.01"]
[Round "5.2"]
[White "Adith, Jagadish"]
[Black "Skoulakis, Charalambos"]
[Result "0-1"]
[WhiteElo "2081"]
[BlackElo "1920"]
[PlyCount "90"]
[EventDate "2007.04.28"]
[EventType "team-tourn"]
[EventRounds "9"]
[EventCountry "GRE"]
[SourceTitle "CBM 118 Extra"]
[Source "ChessBase"]
[SourceDate "2007.07.04"]
[SourceVersion "1"]
[SourceVersionDate "2007.07.04"]
[SourceQuality "1"]

1. e4 c5 2. Nf3 e6 3. d4 cxd4 4. Nxd4 Qb6 5. Nb3 Qc7 6. Nc3 a6 7. Bd3 b5 8. a3 Bb7 9. Be3 Nf6 10. h3 Be7 11. 0-0 d6 12. Nd2 Nbd7 13. Nf3 0-0 14. Re1 Ne5 15. Nxe5 dxe5 16. Qf3 Rfd8 17. Ne2 Rac8 18. Ng3 Nd7 19. Nh5 Nf6 20. Nxf6+ Bxf6 21. a4 b4 22. a5 Qc6 23. Red1 Be7 24. Qg3 Bd6 25. Bg5 Rd7 26. Bf6 Bf8 27. Bxe5 Kh8 28. b3 f6 29. Bb2 Rcd8 30. Re1 Bc5 31. Re2 Bd4 32. Bxd4 Rxd4 33. Rae1 Qc5 34. e5 f5 35. Bc4 f4 36. Qg5 f3 37. Re3 fxg2 38. Rg3 Qf8 39. Bd3 Rf4 40. Rg4 Rxf2 41. Qh4 Rxd3 42. Qxf2 Rf3 43. Qe2 Rxh3 44. Rxg2 Qc5+ 45. Qf2 Rh1+ 0-1